| 000 | 00439nam a22001577a 4500 | ||
|---|---|---|---|
| 999 |
_c12923 _d12923 |
||
| 008 | 211228b ||||| |||| 00| 0 eng d | ||
| 020 | _a0852296002 | ||
| 082 | 0 | 0 |
_a032 _bE5633 |
| 110 |
_95192 _aBritanica Encyclopedia |
||
| 245 | 1 | 0 | _aBritannica Book of the year. |
| 260 |
_aLondon : _bEncyclopedia Britannica, inc., _cc1994. |
||
| 300 | _a928 p. | ||
| 650 | 0 |
_aEncyclopedia _xEncyclopedia Britannica |
|
| 650 | 0 | _aYearbook | |
| 942 | _cRT | ||